| Registos Bibliográficos associados ao registo de autoridade |
|
Etiqueta de registo: 00254nam 2200025 450 001 2285203 003 http://id.bnportugal.gov.pt/bib/catbnp/2285203 010 ## $a978-989-679-967-0 021 ## $aPT$b514951/23 100 ## $a20260424d2023 c y0pory01030103ba 101 1# $apor 102 ## $aPT 105 ## $aa z 000fy 106 ## $ar 200 1# $a O meu pai$fSusan Quinn, Marina Ruiz$gtrad. e adapt. Carina Mariais 205 ## $a2ª ed 210 #9 $aLisboa$cEdicare,$d2023 215 ## $a[32] p.$cil.$d30 cm 675 ## $a087.5$vBN$zpor$3287999 675 ## $a821.111-93"20"$vBN$zpor$31119373 700 #1 $aQuinn,$bSusan$31996849 701 #1 $aRuiz,$bMarina$4440$31996851 702 #1 $aMariais,$bCarina$4730$31905958 801 #0 $aPT$bBN$gRPC 966 ## $lBN$mFGMON$x1 966 ## $lBN$mFGMON$x1 971 ## $corlando$d20260424 973 ## $ctrodrigues$d20260602
|
|
|